| 000 | nam a22 7a 4500 | ||
|---|---|---|---|
| 999 |
_c63759 _d63759 |
||
| 008 | 181113s2017 ua a|||f |||| 001 0 eng d | ||
| 040 |
_aEAL _cEAL |
||
| 041 |
_aeng _bara |
||
| 090 | _aCD-4335 | ||
| 100 | 1 |
_aMohamed, Ola Adel Ibrahim. _923038 |
|
| 245 | 1 | 0 |
_aBacteriological and molecular studies on bacteriacausing omphalitis in chicks _h[computer file] / _cOla Adel Ibrahim Mohamed. |
| 246 | 1 | 5 | _aدراسات بكتریولوجیة وجزیئیة على البكتریا المسببة لإلتھاب السرة فى الكتاكیت |
| 260 | _c2017. | ||
| 300 |
_acomputer laser optical diskes ; _c4 3/4 in. |
||
| 502 | _aThesis (Ph.D.) -- Benha University, 2017. | ||
| 504 | _aIncludes bibliographical references (Leaves 170-227) | ||
| 538 | _aSystems requirements : Adobe Reader | ||
| 546 | _aSummary in Arabic | ||
| 650 | 3 |
_aomphalitis _923039 |
|
| 650 | 0 |
_aChicks _xMicrobiology. _923040 |
|
| 856 | 4 | 0 |
_uhttp://nile.enal.sci.eg/thesis/4335.pdf _zContent & Abstract |
| 942 |
_cETH _2alc |
||